Southville International School and Colleges
Your cart is empty.
  • Cart
  • Lists
    Public lists list_1 View all
    Your lists Log in to create your own lists
  • Log in to your account
  • Your cookies
  • Search history
Southville International School and Colleges
  • Advanced search
  • Recent comments
  • Most popular
  • Libraries

Log in to your account

Log in with GOOGLE


If you do not have an external account, but do have a local account, you can still log in:

  1. Home
  2. MARC view: Pearl Harbor /
Normal view MARC view ISBD view

Pearl Harbor / (Record no. 109112)

[ view plain ]
MARC details
000 -LEADER
fixed length control field 00376nam a2200145 a 4500
005 - DATE AND TIME OF LATEST TRANSACTION
control field 20140414093838.0
008 - FIXED-LENGTH DATA ELEMENTS--GENERAL INFORMATION
fixed length control field 030923s19uu xx 00 eng d
050 ## - LIBRARY OF CONGRESS CALL NUMBER
Classification number VCD 791.43
Item number Pea 2001
100 ## - MAIN ENTRY--PERSONAL NAME
Personal name Affleck, Ben
245 ## - TITLE STATEMENT
Title Pearl Harbor /
Statement of responsibility, etc Ben Affleck, Jerry Bruckheimer.
500 ## - GENERAL NOTE
General note (disc 1, 2. 3)
650 ## - SUBJECT ADDED ENTRY--TOPICAL TERM
Topical term or geographic name as entry element Motion pictures.
942 ## - ADDED ENTRY ELEMENTS (KOHA)
Koha item type Audio Visual Materials
Holdings
Withdrawn status Lost status Damaged status Home library Current library Shelving location Date acquired Source of acquisition Cost, normal purchase price Total Checkouts Full call number Barcode Date last seen Price effective from Koha item type
      Luxembourg Library Luxembourg Library Audio Visual Material Section 09/23/2003   199.00   VCD 791.43 Pea 2001 AV0723 04/14/2014 04/14/2014 Audio Visual Materials

Pearl Harbor /

APA

Affleck B., .Pearl Harbor. : .

Chicago

Affleck Ben, .Pearl Harbor. : .

Harvard

Affleck B., .Pearl Harbor. : .

MLA

Affleck Ben, .: . .

  • Place hold
  • Print
  • Cite
  • Add to your cart (remove)
  • Save record
    BIBTEX Dublin Core MARCXML MARC (non-Unicode/MARC-8) MARC (Unicode/UTF-8) MARC (Unicode/UTF-8, Standard) MODS (XML) RIS
  • More searches
    Search for this title in:
    Other Libraries (WorldCat) Other Databases (Google Scholar) Online Stores (Bookfinder.com) Open Library (openlibrary.org)

Exporting to Dublin Core...

SOUTHVILLE LIBRARY

Southville International School and Colleges Library

1281 Tropical Ave. Cor. Luxembourg St., BF Homes International, Las Pinas City

Tel. No. 8256374 / 252358 Loc. 117/146

Powered by Koha